000 01525nam a2200205 u 4500
003 AM-YeHGA
005 20250618073217.0
008 071205s1740 ||| r 000 0 arm d
040 _aAM-YeHGA
245 0 0 _aՆՈՐ ԿՏԱԿԱՐԱՆ.
260 _aՎենետիկ :
_bտպ. Անտոնի Բորտոլիի,
_c1740.
300 _a760 էջ :
_bնկ. ;
_c15,5 սմ.
500 _aՏԻՏՂԹ.՝ ՆՈՐ/ ԿՏԱԿԱ/ՐԱՆ/ Տ[ԵԱՌ]Ն ՄԵՐՈՅ/ Յ[ԻՍՈՒՍ]Ի ՔՐԻՍՏՈՍԻ:/ Տպագրեցեալ յամի Տ[եառ]ն./ 1740։ Սեպտեմբերի, 5։/ Ի Հայր[ա]պ[ե]տու[թ]ե[ան] Տ[եառ]ն Ղազա/րու Հայոց Կ[ա]թուղիկոսի։/ ի ՎԷՆԷՏԻԿ։/ Ի տպարանի Անտոնի Պօռթօլի։/ Հրամանաւ Մեծաւորաց։/
500 _a760 էջ։ Ութածալ, մամուլանիշերը հայատառ և լատինատառ: Շարվ. չափը՝ 13X6,2 սմ: Էջախորագրերով և լուսանցանիշերով։ Տիտղթ. խորանի մեջ։ 7 փորագիր պատկեր։ Գլխազարդեր, վերջազարդեր և զարդագրեր։ Բնագիրը 10 կետաչափի բոլորագրով, օգտագործված են նաև 12 կետաչափի բոլորագիր, նոտրգիր և գլխագրեր։
546 _aԳրաբար
650 1 4 _aՆոր կտակարան
_95096
856 4 1 _uhttp://greenstone.flib.sci.am/gsdl/collect/armenian/Books/ktakaran/book/ktakaran.pdf
_yԿարդալ առցանց
942 _2udc
_cBK
090 _c219460
999 _c217932
_d217932